000 00388nam a22001337a 4500
020 _a978-0-367-41590-7
082 _a577.21
_bGUP
100 _aGUPTA, Om Prakash, Ed
_akarkute, Suhas Gorakh, Ed
245 _aGenome editing in plants: Principles and applications
260 _aFlorida
_bCRC Press
_c2022
300 _a249p.
650 _aGenome editing
_aPlant genome
_aCRISPrY
942 _cBK
999 _c75111
_d75111